| Tag |
First Indicator |
Second Indicator |
Subfields |
| LEADER |
00000cas a2200000 a 4500 |
| 001 |
in00000010546 |
| 005 |
20151007051407.0 |
| 008 |
791116d19uu1975dcuar p |||| 0uuua0eng |
| 010 |
|
|
|a 72624770
|
| 035 |
|
|
|a (OCoLC)05703551
|
| 035 |
|
|
|9 AAA2764AM
|
| 040 |
|
|
|a DLC
|c COO
|d m.c.
|d UtOrBLW
|
| 043 |
|
|
|a n-us---
|
| 049 |
|
|
|a TXAE
|
| 050 |
|
4 |
|a HD251
|b .E9
|
| 245 |
0 |
0 |
|a Existing-home sales series, annual report.
|
| 246 |
0 |
3 |
|a Existing home sales series, annual report
|
| 264 |
|
1 |
|a Washington, D.C. :
|b National Association of Real Estate Boards.
|
| 300 |
|
|
|a volumes :
|b illustrations ;
|c 28 cm.
|
| 336 |
|
|
|a text
|b txt
|2 rdacontent
|
| 337 |
|
|
|a unmediated
|b n
|2 rdamedia
|
| 338 |
|
|
|a volume
|b nc
|2 rdacarrier
|
| 362 |
0 |
|
|a 19 -1975.
|
| 650 |
|
0 |
|a Real estate business
|z United States
|x Statistics.
|
| 650 |
|
0 |
|a Housing
|z United States
|v Statistics.
|
| 650 |
|
0 |
|a House selling
|z United States
|x Statistics.
|
| 710 |
2 |
|
|a National Association of Real Estate Boards.
|b Department of Research.
|
| 785 |
0 |
0 |
|t Existing home sales
|
| 999 |
|
|
|a MARS
|
| 999 |
f |
f |
|s 6ed6bbbf-7262-3db9-83c2-f75d3759ad9c
|i 70a6a122-25eb-3b77-85f9-029b62d4118b
|t 0
|
| 952 |
f |
f |
|p ric
|a Texas A&M University
|b Rellis Campus
|c Joint Library Facility
|d Remote Storage
|t 0
|e HD251 .E9
|h Library of Congress classification
|i unmediated -- volume
|k 1971
|m A14842113319
|
| 998 |
f |
f |
|a HD251 .E9
|s 1971
|t 0
|l Remote Storage
|